| 000 | 00410nam a2200157Ia 4500 | ||
|---|---|---|---|
| 999 |
_c10376 _d10376 |
||
| 008 | 200103s ? ||||xx |||||||||||||| ||und|| | ||
| 082 |
_a670.42 _bELL |
||
| 100 | _aEllis, P. E. | ||
| 245 | 3 | _aAn introduction to workshop practice | |
| 260 |
_bBlackie and Son Ltd. _aLondon _c? |
||
| 300 | _a164 p.: ill. | ||
| 650 | _aMarine-shop practice | ||
| 650 | _aWorkshops | ||
| 650 | _aMachines | ||
| 942 | _cBK | ||